Inauguración de la sala Marqués de Comillas /
Descripción Física:
Il·lustracions
Colección:
San Jorge,
; núm. 2 (abril 1951), pàg. 28-31
Materias:
Museu Marítim (Barcelona, Catalunya)
Idioma:
Español
MARC
| LEADER | 00000naa a2200000 a 4500 | ||
|---|---|---|---|
| 003 | Arxiu | ||
| 005 | 20260324181031.0 | ||
| 008 | 160829s1951 spcaxx s spa c | ||
| 040 | |a agdb | ||
| 100 | 1 | |a Hernández, Tomás, |d 1919-2013 |9 20277 | |
| 245 | |a Inauguración de la sala Marqués de Comillas / |c T. H. | ||
| 300 | |b Il·lustracions | ||
| 490 | |a San Jorge, |v núm. 2 (abril 1951), pàg. 28-31 | ||
| 500 | |a Conté discurs del President de la Diputació, Joaquín Buxó | ||
| 610 | 0 | |9 10020 |a Museu Marítim (Barcelona, Catalunya) | |
| 710 | 1 | |9 54218 |a Barcelona (Catalunya : Província). |b President (1949-1967 : Buxó de Abaigar) | |
| 773 | |t San Jorge. |g Núm. 2 (abril 1951), pàg. 28-31 | ||
| 901 | |a Arxiu | ||
| 942 | |n 1 |2 udc |c ART | ||
| 952 | |0 0 |1 0 |4 0 |7 1 |9 64523 |a Arxiu |b Arxiu |d 2022-11-30 |o Rev-508 |r 2022-11-30 00:00:00 |w 2022-11-30 |y ARXIU |z També disponible a Rev-521 | ||
| 999 | |c 47762 |d 47762 | ||